| 000 | 02056nam0a22004451 4500 | ||
|---|---|---|---|
| 001 | RU\NLR\CVI\004687316 | ||
| 005 | 20250604174939.4 | ||
| 035 | _a(NLR Aleph) 004687316 | ||
| 035 | _av19\rc\1497344 | ||
| 090 |
_a13423801 _c13423801 |
||
| 100 | _a20060620d1882 |||y0rusy50 ca | ||
| 101 | 1 |
_arus _cger |
|
| 102 | _aRU | ||
| 105 | _ay z ||||| | ||
| 200 | 1 |
_aОсновные начала мусульманского права, согласно учению имамов Абу Ханифы и Шафии _f[Соч.] Л.В.С. фан-ден-Берга _gПер. со 2-го просм. изд. проф. В. Гиргас |
|
| 210 |
_aСанкт-Петербург _cтип. Г. Шахт и К° _d1882 |
||
| 215 |
_aXVI, 214 с. _d22 |
||
| 300 | _aВ предисл. загл. оригинала: "De beginselen van het mohammedansche recht volgens de imam's Aboe Hanifat en Sjâféî door mr. L. W. C. van den Berg" | ||
| 454 | 0 | _12001#$aDe beginselen van het mohammedansche recht volgens de imam's Aboe Hanifat en Sjâféî door mr. L. W. C. van den Berg | |
| 700 | 1 |
_6z01790 _aБерг _bЛ. В. Х. ван ден _f1845-1927 _gЛюдвиг Вильгельм Христиан ван ден |
|
| 702 | 0 |
_aШафия _4570 |
|
| 702 | 0 |
_aАбу Ханифа _cимам _f699-767 _3RU\NLR\AUTH\7780600 _4570 |
|
| 702 | 1 |
_aГиргас _bВ. Ф. _f1835-1887 _gВладимир Федорович _3RU\NLR\AUTH\770273943 _4730 |
|
| 790 | 1 |
_6z01700 _aБерг _bЛ. В. Х. ван ден _f1845-1927 _gЛудвиг Вильгельм Христиан ван ден |
|
| 790 | 1 |
_6z01700 _aБерг _bЛ. В. С. фан ден _f1845-1927 |
|
| 801 | 0 |
_aRU _bNLR _gpsbo |
|
| 801 | 0 |
_aRU _bRuMoRGB _2psbo |
|
| 801 | 1 |
_aRU _bProSoft-M _2rusmarc |
|
| 852 |
_aNLR _jКрI-6403 |
||
| 852 |
_aNLR _j18.135.3.18 |
||
| 852 |
_aNLR _j131/1726 |
||
| 852 |
_aNLR _bМф _jК1/23718 |
||
| 899 |
_aRuMoRGB _jT 26/43 |
||
| 899 |
_aRuMoRGB _jФ 1-52/5664 |
||
| 899 | _aНБ СПбГУ | ||
| 899 | _aНБ МГУ | ||
| 942 | _cBOOK | ||
| 980 | _aNB | ||
| 980 | _aKRCH | ||